Preservamos los espacios naturales : Área de Espacios Naturales Área de Espacios Naturales
Descripción Física:
[6] p. ; 21 cm
MARC
| LEADER | 00000nam a2200000Ia 4500 | ||
|---|---|---|---|
| 001 | 23105 | ||
| 008 | 160829s2010 xx 000 0 cat d | ||
| 080 | |a FU-59-26 | ||
| 245 | |a Preservamos los espacios naturales : |b Área de Espacios Naturales | ||
| 260 | |a Barcelona : |b Diputació de Barcelona. Àrea d'Espais Naturals, |c 2010 | ||
| 300 | |a [6] p. ; |c 21 cm | ||
| 590 | |a A la coberta: Buenos servicios para los ayuntamientos, más bienestar para la ciudadanía | ||
| 610 | 0 | |a Barcelona (Catalunya : Província). |b Àrea d'Espais Naturals |9 9050 | |
| 650 | 0 | |a Espais naturals protegits |z Barcelona (Catalunya : Província) |9 49889 | |
| 710 | |a Barcelona (Catalunya : Província). |b Àrea d'Espais Naturals |9 9050 | ||
| 901 | |a Arxiu | ||
| 942 | |n 1 | ||
| 952 | |0 0 |1 0 |4 0 |6 FU5926 |7 1 |9 51768 |a Arxiu |b Arxiu |d 2016-12-01 |l 0 |o FU-59-26 |p 23105 |r 2016-12-01 00:00:00 |w 2016-12-01 |y ARXIU | ||
| 999 | |c 55614 |d 55614 | ||